| 000 | 00457pam a2200169 a 4500 | ||
|---|---|---|---|
| 020 |
_a1842140302 _c5178.00 |
||
| 041 |
_aeng _hNULL |
||
| 082 |
_a617.3 _bKLE |
||
| 100 | _aKLEEREKOPER M. | ||
| 245 |
_aDRUG THERAPY IN OSTEOPOROSIS / _cNULL. _hTextual Documents |
||
| 260 |
_aNULL : _bTAYLOR & FRANCIS (CRC) PRESS , _c2005. |
||
| 300 |
_a116 : : _bX ; ; _ca4 . + _eHB. |
||
| 365 | _a5178.00 | ||
| 930 | _a2440 | ||
| 999 |
_c796975 _d796975 |
||
| 650 | _aORTHO | ||